Circuitos El‚ctricos / Richard C. Dorf, James A. Svoboda (Registro nro. 27911)
[ vista simple ]
| 000 -LÍDER | |
|---|---|
| fixed length control field | 00520nam a2200169 4500 |
| 020 ## - NÚMERO INTERNACIONAL NORMALIZADO PARA LIBROS | |
| ISBN | 978-607-707-232-4 |
| 050 ## - SIGNATURA TOPOGRAFICA DE LA BIBLIOTECA DEL CONGRESO (LC) | |
| Número de Clasificación | TK7867 D6 2011 |
| 082 ## - NUMERO DE CLASIFICACION DECIMAL DEWEY | |
| Número de Clasificación | 621.319.2 D695c 2011 |
| 100 ## - ASIENTO PRINCIPAL--NOMBRE PERSONAL | |
| Nombre personal | Dorf, Richard C. |
| 245 ## - TÍTULO | |
| Título | Circuitos El‚ctricos / Richard C. Dorf, James A. Svoboda |
| 250 ## - MENCIÓN DE EDICIÓN | |
| Mención de edición | 8 / 5 reimp. 2013 |
| 260 ## - PUBLICACIÓN, DISTRIBUCIÓN, ETC. (PIE DE IMPRENTA) | |
| Lugar de publicación, distribución, etc. | México: Alfaomega |
| 300 ## - DESCRIPCIÓN FÍSICA | |
| Extensión | xxi, 886 p. / 26 cm. |
| 500 ## - NOTA GENERAL | |
| Nota general | Incluye: ap‚ndice |
| 650 ## - ASIENTO SECUNDARIO DE MATERIA - TERMINO TEMÁTICO | |
| Término temático o nombre geográfico como elemento de entrada | 1. CIRCUITOS ELÉCTRICOS / 2. ANÁLISIS DE CIRCUITOS |
| 700 ## - ASIENTO SECUNDARIO - NOMBRE PERSONAL | |
| Nombre personal | 1. Svoboda, James A. Coaut. |
| No. biblioteca | No. biblioteca | Número de clasificación | Código de barras/Número de adquisición | Número de copia | Tipo de material |
|---|---|---|---|---|---|
| ÁREA DE ELECTROMECÁNICA | ÁREA DE ELECTROMECÁNICA | 621.319.2 D695c 2011 | 52859 | 1 | Libros |
